00830nam a2200229 a 4500008004100000020001500041050001500056100002500071245005900096246002500155246003200180250001200212260003400224300002600258350000900284500004000293650001800333650002100351995008800372999001700460952012300477060316s1994 ||||||||||||||||| || u a0131484044 aT 57.6 Haw aHawryszkiewycz, I. T10aIntroduction to systems analysis and design. (3rd ed.) aI. T. Hawryszkiewcyz aSystems analysis and design a3rd ed. aSydney :bPrentice Hallc1994 axviii, 490 p. : ill.  a0.00 aIncludes bibliographical references 0aSYSTEM DESIGN aSYSTEMS ANALYSIS D0.00FCBU-MAIN LIBRARY (Kitwe)H1I25.00M1UAVAILABLEZAnnex Low-Usage Collection  c48025d48025 00102lcc4070a001b001cAnnex Low-Usage Collection d2022-11-30l0oT 57.6 Hawp025313r2022-11-30w2022-11-30y002